One Piece - Empereurs et leur équipage - Statistiques

Statistiques générales
  • Ce quiz a été pris 2 769 fois
    2 757 depuis la dernière actualisation
  • Le résultat moyen est 21 sur 57
Statistiques - réponses
Réponse % Correct
Kaido
95%
Charlotte Rinrin
91%
Charlotte Katakuri
88%
Shanks
88%
Marshall D. Teach
86%
Jack
76%
Charlotte Smoothie
72%
Yasopp
72%
Charlotte Cracker
71%
Charlotte Perospero
68%
Ben Beckmann
64%
Charlotte Pudding
63%
Lucky Roo
63%
Jesus Burgess
61%
Charlotte Oven
59%
Shiliew
54%
Charlotte Brûlée
53%
Doc Q
47%
Catarina Devon
46%
Charlotte Daifuku
45%
Charlotte Mont d'Or
42%
Laffitte
41%
Rockstar
41%
Van Augur
41%
Kuzan
37%
Pekoms
34%
Charlotte Opéra
33%
X. Drake
33%
Sanjuan Wolf
32%
Vasco Shot
32%
Snack
31%
Charlotte Amande
30%
Avalo Pizarro
27%
Tamago
27%
Capone Bege
24%
Charlotte Compote
24%
Zeus
22%
Napoléon
20%
Charlotte Galette
18%
Prométhée
18%
Stronger
16%
Streusen
14%
Sheepshead
10%
Bobbin
9%
Charlotte Cadenza
7%
Charlotte Counter
7%
Charlotte Mascarpone
7%
Charlotte Joscarpone
5%
Charlotte Cabalette
4%
Diesel
4%
Gin Rummy
4%
Charlotte Nusstorte
3%
Custard
3%
Scotch
3%
Charlotte Myukuru
1%
Randolphe
1%
Buche
0%
Aucun quiz correspondant
Distribution des résultats
% des personnes avec chaque résultat
Percentile par nombre de réponses
Votre historique - résultats
Vous n’avez pas pris ce quiz depuis la dernière actualisation